000
00351 a2200169 4500
001
168894
020
_a
978-85-08-11561-7
040
_c
Magnum
100
_a
Chaui, Marilena
240
1
0
_a
Filosofia
_l
por
245
1
0
_a
Filosofia
300
_a
280
362
0
_a
2009
440
1
_a
Ática
697
_a
FILOSOFIA E DISCIPLINAS AFINS
942
_c
BK
999
_c
168894
_d
168894